[Event "Mittelrhein Regionalliga 15/16"]
[Site "Nordrheinwestfalen"]
[Date "2015.09.27"]
[Round "1.2"]
[White "Fokken, Achim"]
[Black "Cnossen, Wiebe"]
[Result "1/2-1/2"]
[WhiteElo "2041"]
[BlackElo "2104"]
[PlyCount "36"]
[EventDate "2015.09.27"]
[EventType "team-tourn"]
[EventRounds "9"]
[EventCountry "GER"]
[SourceTitle "EXT 2022"]
[Source "ChessBase"]
[SourceDate "2021.10.06"]
[SourceVersion "1"]
[SourceVersionDate "2021.10.06"]
[SourceQuality "1"]
[WhiteTeam "Koeln Ford SF"]
[BlackTeam "Aachen DJK Aufwärts III"]
[WhiteTeamCountry "GER"]
[BlackTeamCountry "GER"]

1. e4 Nc6 2. d4 d5 3. e5 Bf5 4. c3 Nh6 5. Bd3 Qd7 6. Ne2 e6 7. Ng3 Bxd3 8. Qxd3 Nf5 9. Nxf5 exf5 10. Be3 Be7 11. Nd2 Nd8 12. f4 g6 13. 0-0 Ne6 14. b4 0-0 15. a4 Rfc8 16. g4 Ng7 17. g5 Ne6 18. Rfd1 b6 1/2-1/2

[Event "Mittelrhein Regionalliga 1415"]
[Site "Mittelrhein"]
[Date "2015.02.01"]
[Round "6.5"]
[White "Cnossen, Wiebe"]
[Black "Schulz, Wilhelm"]
[Result "0-1"]
[WhiteElo "2110"]
[BlackElo "2019"]
[PlyCount "94"]
[EventDate "2014.09.28"]
[EventType "team-tourn"]
[EventRounds "9"]
[EventCountry "GER"]
[SourceTitle "EXT 2023"]
[Source "ChessBase"]
[SourceDate "2022.10.05"]
[SourceVersion "1"]
[SourceVersionDate "2022.10.05"]
[SourceQuality "1"]
[WhiteTeam "Aachen DJK Aufwaerts III"]
[BlackTeam "Horrem"]
[WhiteTeamCountry "GER"]
[BlackTeamCountry "GER"]

1. d4 Nf6 2. c4 e6 3. g3 c5 4. d5 exd5 5. cxd5 d6 6. Nc3 g6 7. Bg2 Bg7 8. Nf3 0-0 9. 0-0 Re8 10. Nd2 Nbd7 11. e4 a6 12. a4 Rb8 13. Nc4 Nb6 14. Ne3 Bd7 15. f4 Nc8 16. e5 dxe5 17. fxe5 Rxe5 18. Nc4 Rf5 19. Bf4 Ra8 20. Qb3 b6 21. Ne5 g5 22. Nxd7 gxf4 23. Nxf6+ Qxf6 24. g4 Re5 25. d6 Ra7 26. Rad1 Rd7 27. Qc4 Qd8 28. Qxa6 Rxd6 29. Qa8 Re8 30. Rxd6 Qxd6 31. Qd5 Be5 32. Rd1 Bd4+ 33. Kh1 Qf6 34. Bf3 Nd6 35. Ne2 Be5 36. b3 Qe6 37. Qd3 h6 38. Bd5 Qf6 39. Rf1 Kh8 40. Qf3 Qg5 41. Bc6 Rc8 42. Nc1 c4 43. b4 Rg8 44. Ne2 Qxg4 45. a5 bxa5 46. bxa5 Qc8 47. Qh5 Qxc6+ 0-1

[Event "Bethune op-A 25th"]
[Site "Bethune"]
[Date "2004.12.27"]
[Round "3"]
[White "Majcher, Bernard"]
[Black "Cnossen, Wiebe"]
[Result "0-1"]
[WhiteElo "1969"]
[BlackElo "2182"]
[PlyCount "108"]
[EventDate "2004.12.26"]
[EventType "swiss"]
[EventRounds "7"]
[EventCountry "FRA"]
[SourceTitle "CBM 104 Extra"]
[Source "ChessBase"]
[SourceDate "2005.03.01"]
[SourceVersion "1"]
[SourceVersionDate "2005.03.01"]
[SourceQuality "1"]

1. d4 d5 2. e3 Nf6 3. Bd3 Nc6 4. f4 Nb4 5. Nf3 Nxd3+ 6. cxd3 c5 7. dxc5 Qa5+ 8. Bd2 Qxc5 9. 0-0 g6 10. Re1 Bg7 11. Ne5 0-0 12. Bc3 Ne8 13. Kh1 Nd6 14. Nf3 f6 15. e4 dxe4 16. dxe4 Kh8 17. Nbd2 Nb5 18. Nb3 Nxc3 19. Nxc5 Nxd1 20. Raxd1 b6 21. Na4 Bg4 22. Nc3 Bh6 23. Ne2 Rfd8 24. Kg1 Rac8 25. Kf2 Rxd1 26. Rxd1 Rc2 27. Rd2 Rxd2 28. Nxd2 Bxe2 29. Kxe2 Bxf4 30. Nf3 Kg8 31. h3 Kf7 32. Kd3 e5 33. Kc4 Ke6 34. Ne1 Bg3 35. Nc2 Bf2 36. b3 a5 37. Na3 f5 38. Kd3 h5 39. Nc4 Bc5 40. Nd2 g5 41. Nf3 Be7 42. Nd2 g4 43. Nc4 Bc5 44. Nd2 f4 45. hxg4 hxg4 46. Ke2 Be3 47. Nc4 Bd4 48. Nd2 Kd6 49. Kd3 Kc5 50. a3 b5 51. Kc2 Be3 52. Nb1 b4 53. Kd3 Bc1 54. a4 f3 0-1

[Event "Bayern-chI Bank Hofmann 7th"]
[Site "Bad Wiessee"]
[Date "2003.11.10"]
[Round "3"]
[White "Cnossen, Wiebe"]
[Black "Reefschlaeger, Helmut"]
[Result "1/2-1/2"]
[WhiteElo "2151"]
[BlackElo "2310"]
[PlyCount "35"]
[EventDate "2003.11.08"]
[EventType "swiss"]
[EventRounds "9"]
[EventCountry "GER"]
[SourceTitle "EXT 2004"]
[Source "ChessBase"]
[SourceDate "2003.11.25"]
[SourceVersion "1"]
[SourceVersionDate "2003.11.25"]
[SourceQuality "1"]

1. Nf3 d5 2. d4 e6 3. c4 c6 4. Qc2 dxc4 5. Qxc4 b5 6. Qc2 Bb7 7. e4 Nd7 8. Nc3 a6 9. Be2 Ngf6 10. 0-0 h6 11. Bf4 Be7 12. Rad1 0-0 13. Rfe1 Qb6 14. Bf1 Rfe8 15. h3 Rad8 16. a3 c5 17. dxc5 Qxc5 18. b4 1/2-1/2

[Event "Dresden ZMD op"]
[Site "Dresden"]
[Date "2002.??.??"]
[Round "1"]
[White "Cnossen, Wiebe"]
[Black "Duppel, Tina"]
[Result "1/2-1/2"]
[WhiteElo "2170"]
[BlackElo "2155"]
[PlyCount "66"]
[EventDate "2002.07.18"]
[EventType "swiss"]
[EventRounds "9"]
[EventCountry "GER"]
[SourceTitle "EXT 2003"]
[Source "ChessBase"]
[SourceDate "2002.11.25"]
[SourceVersion "1"]
[SourceVersionDate "2002.11.25"]
[SourceQuality "1"]

1. e4 c5 2. Nf3 d6 3. d4 cxd4 4. Nxd4 Nf6 5. Nc3 a6 6. f4 e5 7. Nf3 Nbd7 8. fxe5 dxe5 9. Bc4 Bc5 10. Qe2 0-0 11. Bg5 Qa5 12. 0-0-0 b5 13. Bb3 Bb4 14. Bxf6 Nxf6 15. Nd5 Nxd5 16. Bxd5 Be6 17. a3 Bxd5 18. axb4 Bc4 19. bxa5 Bxe2 20. Rd6 f6 21. Re1 Bc4 22. Nh4 Rfc8 23. Nf5 Kf8 24. Red1 b4 25. Ne3 b3 26. c3 Bf7 27. Nd5 Bh5 28. Rd2 Rc5 29. Rb6 Rxa5 30. Rxb3 Ra1+ 31. Kc2 Bg6 32. Re2 Bh5 33. Rd2 Bg6 1/2-1/2

[Event "Dresden ZMD op"]
[Site "Dresden"]
[Date "2002.??.??"]
[Round "7"]
[White "Cnossen, Wiebe"]
[Black "Mainka, Romuald"]
[Result "0-1"]
[WhiteElo "2170"]
[BlackElo "2410"]
[PlyCount "82"]
[EventDate "2002.07.18"]
[EventType "swiss"]
[EventRounds "9"]
[EventCountry "GER"]
[SourceTitle "EXT 2003"]
[Source "ChessBase"]
[SourceDate "2002.11.25"]
[SourceVersion "1"]
[SourceVersionDate "2002.11.25"]
[SourceQuality "1"]

1. e4 c5 2. Nf3 Nc6 3. d4 cxd4 4. Nxd4 Qc7 5. Nc3 e6 6. Be3 Nf6 7. Qd2 a6 8. 0-0-0 b5 9. f3 Ne5 10. g4 Be7 11. Be2 Nc4 12. Bxc4 Qxc4 13. Kb1 0-0 14. Nce2 d6 15. h4 Qc7 16. h5 Nd7 17. g5 Ne5 18. b3 Rd8 19. Rdg1 Bf8 20. Qe1 a5 21. f4 Nd7 22. g6 Nf6 23. Nxb5 Qb7 24. a4 fxg6 25. hxg6 h6 26. Bd4 e5 27. fxe5 dxe5 28. Bxe5 Nxe4 29. Bb2 Bb4 30. Nec3 Bf5 31. Rh4 Nd2+ 32. Ka2 Nf3 33. Qf2 Nxh4 34. Qxh4 Rac8 35. Qf2 Be6 36. Re1 Qd7 37. Qe3 Bf5 38. Rd1 Qe8 39. Nd5 Qxe3 40. Nxe3 Rxd1 41. Nxd1 Bxc2 0-1

[Event "Bayern-chI Bank Hofmann 5th"]
[Site "Bad Wiessee"]
[Date "2001.11.02"]
[Round "7"]
[White "Graf, Christian"]
[Black "Cnossen, Wiebe"]
[Result "1/2-1/2"]
[WhiteElo "2283"]
[BlackElo "2169"]
[PlyCount "36"]
[EventDate "2001.10.27"]
[EventType "swiss"]
[EventRounds "9"]
[EventCountry "GER"]
[SourceTitle "EXT 2003"]
[Source "ChessBase"]
[SourceDate "2002.11.25"]
[SourceVersion "1"]
[SourceVersionDate "2002.11.25"]
[SourceQuality "1"]

1. e4 e6 2. d4 d5 3. Nd2 Nf6 4. Bd3 c5 5. e5 Nfd7 6. c3 Nc6 7. Ne2 Qb6 8. Nf3 cxd4 9. cxd4 f6 10. exf6 Nxf6 11. 0-0 Bd6 12. Nc3 0-0 13. a3 Kh8 14. Be3 Bd7 15. b4 Ne7 16. Na4 Bxa4 17. Qxa4 Nf5 18. Qb5 Nxe3 1/2-1/2

[Event "Leiden op"]
[Site "Leiden"]
[Date "1994.02.11"]
[Round "1"]
[White "Cifuentes Parada, Roberto"]
[Black "Cnossen, Wiebe"]
[Result "1-0"]
[WhiteElo "2500"]
[BlackElo "1860"]
[PlyCount "77"]
[EventDate "1994.02.11"]
[EventType "swiss"]
[EventRounds "6"]
[EventCountry "NED"]
[SourceTitle "EXT 2003"]
[Source "ChessBase"]
[SourceDate "2002.11.25"]
[SourceVersion "1"]
[SourceVersionDate "2002.11.25"]
[SourceQuality "1"]

1. d4 Nf6 2. c4 c6 3. Nc3 d5 4. e3 e6 5. Nf3 Nbd7 6. Qc2 dxc4 7. a4 c5 8. Bxc4 b6 9. 0-0 Bb7 10. Ne5 Bd6 11. Rd1 a6 12. f4 Qc7 13. Nxd7 Nxd7 14. d5 e5 15. f5 Nf6 16. e4 Kf8 17. Qf2 Be7 18. h3 Ne8 19. Be3 Nd6 20. Be2 a5 21. Nb5 Nxb5 22. Bxb5 Rd8 23. Rac1 h5 24. g3 Rd6 25. Kg2 g5 26. fxg6 Rxg6 27. Rf1 Rh7 28. Qf5 Rhg7 29. Qxh5 Rxg3+ 30. Kh2 Bg5 31. Bxg5 R3xg5 32. Qh8+ Rg8 33. Qh6+ Ke7 34. d6+ Qxd6 35. Rxf7+ Kxf7 36. Qxd6 Rg2+ 37. Kh1 Bxe4 38. Bc4+ Ke8 39. Qxe5+ 1-0